Представление документа в формате MARC21

Поле Инд. ПП Название Значение
Тип записи a
Библиографический уровень b
001 Контрольный номер RU/IS/BASE/267546492
005 Дата корректировки 20200618185524.8
008 Кодируемые данные 20080623
040 b Код языка каталог. rus
e Правила каталог. PSBO
041 0_ a Код языка текста rus
084 a Индекс другой классификации/Индекс ББК 83.3(0)323-1
100 1_ a Автор Теперик Т. Ф.
245 10 a Заглавие Поэтика сновидений и римский классицизм: "Энеида" Вергилия
504 a Библиография Библиогр. - Примеч.: с. 53
600 34 a Персоналии Вергилий Марон Публий
650 a Основная рубрика история литературы
a Основная рубрика литературоведение
a Основная рубрика поэтика
a Основная рубрика филологические науки
653 1_ a Ключевые слова "Энеида"
a Ключевые слова античная литература
a Ключевые слова Древний Рим
a Ключевые слова классицизм
a Ключевые слова онейротоп
a Ключевые слова поэзия
a Ключевые слова поэмы
a Ключевые слова сновидения
773 08 t Заглавие источника Вестник Московского университета. Серия 9, Филология
d Дата издания источника 2007
g Прочая информация № 5. - С. 45 - 53
w Контрольный № источника RU/IS/BASE/261756274
901 t Тип документа b